header

Immigrants and the right to stay (Record no. 115768)

MARC details
000 -LEADER
fixed length control field 01399nam a2200373 a 4500
082 04 - DEWEY DECIMAL CLASSIFICATION NUMBER
Classification number 325.73
100 1# - MAIN ENTRY--AUTHOR NAME
Personal name Carens, Joseph H.
245 10 - TITLE STATEMENT
Title Immigrants and the right to stay
260 ## - PUBLICATION, DISTRIBUTION, ETC. (IMPRINT)
Place of publication Cambridge, Mass. :
Name of publisher MIT Press,
Year of publication c2010.
300 ## - PHYSICAL DESCRIPTION
Number of Pages 114 p.
490 1# - SERIES STATEMENT
Series statement Boston review book
650 #0 - SUBJECT ADDED ENTRY--TOPICAL TERM
Topical Term Amnesty
Topical Term Illegal aliens
856 40 - ELECTRONIC LOCATION AND ACCESS
Uniform Resource Identifier http://site.ebrary.com/lib/rucke/Doc?id=10476074

No items available.

© 2026 Rongo University
Contact us: librarian | system librarian | Rongo university